Normal view
MARC view
Entry Topical Term
001 - CONTROL NUMBER
- control field: 264951
003 - CONTROL NUMBER IDENTIFIER
- control field: OSt
005 - DATE AND TIME OF LATEST TRANSACTION
- control field: 20260602094231.0
008 - FIXED-LENGTH DATA ELEMENTS
- fixed length control field: 260602|| aca||aabn | a|a d
040 ## - CATALOGING SOURCE
- Original cataloging agency: OSt
- Transcribing agency: OSt
150 ## - HEADING--TOPICAL TERM
- Topical term or geographic name entry element: Pai TMA
670 ## - SOURCE DATA FOUND
- Source citation: Work cat.: (OSt)101461: MAHABALESHVARA RAV. ಮಹಾಬಲೇಶ್ವರ ರಾವ್ 264950, Suvarnasparsha., 1998